Statistiques concernant Voitures Volkswagen actuelles

Cliquez ici pour prendre le quiz!

Statistiques générales

  • Ce quiz a été pris 1 098 fois
    (860 depuis la dernière actualisation)
  • Le résultat moyen est 7 sur 15

Statistiques - réponses

Catégorie(s) VolkswagenModèle% Correct
Compacte / Break / SportiveGolf
99%
Citadine / Compacte / SportivePolo
93%
SUV / SportiveTiguan
80%
BreakPassat
76%
MonospaceTouran
65%
SUV / Sportive / CabrioletT-Roc
59%
Citadine / SportiveUp!
50%
SUVT-Cross
40%
Berline / BreakArteon
37%
UtilitaireCaddy
30%
SUV / Sportive / CompacteID
23%
SUVTaigo
16%
UtilitaireMultivan
13%
UtilitaireCalifornia
11%
UtilitaireCaravelle
9%

Distribution des résultats

Percentile par nombre de réponses

% des personnes avec chaque résultat

Votre développement - résultats

Vous n’avez pas pris ce quiz depuis la dernière actualisation